header

Cost accounting:Traditions & Innovations (Record no. 253031)

MARC details
000 -LEADER
fixed length control field 00618nam a22002057a 4500
003 - CONTROL NUMBER IDENTIFIER
control field OSt
005 - DATE AND TIME OF LATEST TRANSACTION
control field 20160322141541.0
008 - FIXED-LENGTH DATA ELEMENTS--GENERAL INFORMATION
fixed length control field 160322b xxu||||| |||| 00| 0 eng d
010 ## - LIBRARY OF CONGRESS CONTROL NUMBER
LC control number 00061260
020 ## - INTERNATIONAL STANDARD BOOK NUMBER
International Standard Book Number 0324026455
040 ## - CATALOGING SOURCE
Original cataloging agency DLC
Language of cataloging DLC
Transcribing agency DLC
050 ## - LIBRARY OF CONGRESS CALL NUMBER
Classification number HF5686
Item number .C8B2758 2000
100 ## - MAIN ENTRY--PERSONAL NAME
Personal name Barfield ,Jesse T
245 ## - TITLE STATEMENT
Title Cost accounting:Traditions & Innovations
Statement of responsibility, etc Barfield Jesse T,Raiborn Cecily A,Kinney Michael R.
250 ## - EDITION STATEMENT
Edition statement 4th ed.
260 ## - PUBLICATION, DISTRIBUTION, ETC. (IMPRINT)
Place of publication, distribution, etc Cincinnati,Ohio.
Name of publisher, distributor, etc South-Western College Pub.
Date of publication, distribution, etc c2000
300 ## - PHYSICAL DESCRIPTION
Extent xxi,960,[30]p
Other physical details col,ill
Dimensions 29cm
650 ## - SUBJECT ADDED ENTRY--TOPICAL TERM
Topical term or geographic name as entry element cost accounting
Geographic subdivision USA
942 ## - ADDED ENTRY ELEMENTS (KOHA)
Source of classification or shelving scheme Library of Congress Classification
Koha item type Long Loan Books
Holdings
Withdrawn status Lost status Source of classification or shelving scheme Damaged status Not for loan Collection code Home library Current library Shelving location Date acquired Total Checkouts Full call number Barcode Date last seen Date checked out Price effective from Koha item type
    Library of Congress Classification     Non-fiction Rongo University Library Rongo University Library General Stacks 22/03/2016 1 HF5686 .C8B2758 2000 201611098 15/04/2026 01/04/2026 22/03/2016 Long Loan Books

© 2026 Rongo University
Contact us: librarian | system librarian | Rongo university